000 00293 a2200145 4500
001 168780
020 _a
040 _cMagnum
100 _aFoucault, Michel
240 1 0 _aHistoria da loucura
_lpor
245 1 0 _aHistoria da loucura
362 0 _a1899
697 _aFILOSOFIA
942 _cBK
999 _c168780
_d168780